000 00212nam a2200097Ia 4500
008 240331s9999 xx 000 0 und d
082 _a230
_bFRM
100 _aLogo. ed
245 0 _aFr.Mike and His Thought
942 _cL
999 _c819
_d819